Rap by letter (E) - Statistics

General Stats
  • This quiz has been taken 4 times
  • The average score is 5 of 10
Answer Stats
Hint Answer % Correct
Rapper from Detroit, real name is Marshall Mathers. Eminem
100%
N.W.A. member, died in 1995. Eazy-E
75%
Album released in 2004, by the rapper above. Encore
75%
Wu-Tang Clan's first album. Enter The Wu-Tang (36 Chambers)
75%
Jay Z's and Alicia Keys' big hit from 2009. Empire State Of Mind
50%
Nas' disstrack towards Jay Z. Ether
50%
In Wu-Tang Clan's hit song C.R.E.A.M., what does E stand for? Everything
25%
Mobb Deep's song from "The Infamous", where Nas is a feature. Eye For A Eye
25%
A Tribe Called Quest song, from "Midnight Marauders". Electric Relaxation
0%
Outkast's song from "ATliens", 6th song on the album. Elevators (Me & You)
0%
No matching quizzes found
Score Distribution
Percent of People with Each Score
Percentile by Number Answered
Your Score History
You have not taken this quiz